| 000 | 02013cam a22004574i 4500 | ||
|---|---|---|---|
| 003 | PE-LiUPU | ||
| 005 | 20250731172902.0 | ||
| 008 | 150706s2016 txu r 000 0 eng d | ||
| 020 | _a1481302590 | ||
| 020 | _a9781481302593 | ||
| 035 | _a(Sirsi) a165987 | ||
| 040 |
_aPE-LiUPU _bspa _cPE-LiUPU _erda |
||
| 049 | _aPRUA | ||
| 082 | 0 | 4 |
_a266.615692 _bT79 _223 |
| 100 | 1 |
_aTrexler, Melanie, _d1982-, _eautor. |
|
| 245 | 1 | 0 |
_aEvangelizing Lebanon : _bbaptists, missions, and the question of cultures / _cMelanie E. Trexler. |
| 264 | 1 |
_aWaco, Texas : _bBaylor University Press, _c2016. |
|
| 300 |
_axviii, 258 páginas ; _c24 centímetros |
||
| 336 |
_atext _2rdacontent |
||
| 337 |
_aunmediated _2rdamedia |
||
| 338 |
_avolume _2rdacarrier |
||
| 505 | 0 | _aCover; Half Title Page, Title Page, Copyright, Dedication; Contents; Acknowledgments; Preface; Abbreviations; Introduction -- 1. Landmarkers in the Holy Land: Ottomans, Landmarkers, and the Formation of a Southern Baptist Mission in the Holy Land (1893-1919) -- 2. Building a Baptist Community in Beirut: Said Jureidini and the Arrival of the Near East Baptist Mission (1900-1948) -- 3. Reform, Resistance, and Rebellion: The NEBM Program of Advance and the Arab-Israeli Conflict (1948-1968) -- 4. A Mission to Muslims: From ""Gospel Bomb"" to Dialogue (1969-1974). | |
| 526 | _aSEG42 | ||
| 526 | _aSEG41 | ||
| 526 | _aSEG40 | ||
| 526 | _aSEG39 | ||
| 526 | _aP94 | ||
| 526 | _aP87 | ||
| 526 | _aP86 | ||
| 526 | _aP85 | ||
| 526 | _aP77 | ||
| 526 | _aP76 | ||
| 526 | _aP35 | ||
| 650 | 0 | 4 |
_aMisiones, American _zLíbano _xHistoria. |
| 650 | 0 | 4 |
_aTrabajo evangelístico _zLíbano _xHistoria. |
| 942 |
_2ddc _cBOOK |
||
| 994 |
_aC0 _bPEPRU |
||
| 596 | _a1 | ||
| 999 |
_a266.615692 T79 _wLC _c14724 _i75212 _d14724 _e2017-6-25 _f2021-11-10 _g5 _lCCODEBUL1 _mBUL _n1 _p49.95 _r0 _sY _tBOOK _u2017-1-11 _xTEOLOGIA _PP85 _o.STAFF. Colección Teología |
||
| 980 |
_81 _gALBERTO SANCHEZ Responsable de Automatización |
||